Statistics for Single Word Coastal Countries ending in Consonants

Click here to take the quiz!

General Stats

  • This quiz has been taken 95 times
    (94 since last reset)
  • The average score is 25 of 31

Answer Stats

Country% Correct
Portugal
98%
Sweden
94%
Vietnam
94%
Finland
92%
Oman
92%
Spain
92%
Egypt
91%
Yemen
91%
Israel
87%
Belgium
85%
Iran
85%
Senegal
85%
Bangladesh
83%
Denmark
83%
Pakistan
83%
Brazil
81%
Kuwait
81%
Netherlands
81%
Thailand
81%
Iraq
79%
Benin
77%
Ecuador
75%
Myanmar
75%
Honduras
74%
Lebanon
74%
Poland
72%
Gabon
68%
Sudan
68%
Qatar
66%
Cameroon
64%
Jordan
53%

Score Distribution

Percentile by Number Answered

Percent of People with Each Score

Your Score History

You have not taken this quiz since the last reset